La categora̕ de Centro Histr̤ico y su rescate

Detalles Bibliográficos
Autor principal: E. Iturriaga, Jos ̌
Formato: eBook
Lenguaje:español
Publicado: Ciudad de Mx̌ico: Cm̀ara de Diputados, 2012
Materias:
Acceso en línea:Acceso restringido

MARC

LEADER 00000nam a22000007a 4500
005 20171120193739.0
007 cr|||| ||||
008 171120s2012 mx |||||s|||| 00||0 spa d
020 |a 978-607-401-598-0 
035 |a 20790 
040 |a vLex 
090 |c 7199  |d 7199 
100 1 |a E. Iturriaga, Jos ̌ 
245 1 3 |a La categora̕ de Centro Histr̤ico y su rescate  |h [Recurso electrn̤ico] /  |c Jos ̌E. Iturriaga  
256 |a Servicio en ln̕ea 
260 |a Ciudad de Mx̌ico:  |b Cm̀ara de Diputados,  |c 2012 
300 |a 1 recurso electrn̤ico (154 p.) 
500 |a Ciudad de Mx̌ico. Patrimonio cultural y divertimentos. 
506 1 |a Disponible solo en los productos indicados  |d vLex Global  |d vLex Global (Academic Edition, excluding Law Schools)  |d vLex Global (U.S. Academic Edition, Law Schools)  |d vLex Global (U.S. Academic Edition, excluding Law Schools)  |d vLex Global (Academic Edition, Law Schools) 
650 0 4 |a Ciencias sociales  |z Mx̌ico 
740 0 |a vLex Libros (Servicio en ln̕ea) 
856 4 0 |u http://vlex.com/source/regimen-opcional-en-isr-para-grupos-de-sociedades-antes-consolidacion-fiscal--11822  |z Acceso restringido 
942 |c BOOK 
999 0 |a Social sciences